000
00332nam a2200133Ia 4500
008
240112s1972 JAN-OCT xx 000 0 und d
041
_a
eng
082
_a
617.303
100
_a
RICHARD D.
245
_a
SEMINAR IN ROENTGENOLOGY
260
_b
seminars in roent
_c
1972 JAN-OCT
300
_a
394,hb
_c
(1-4)
440
_v
7
999
_c
1142298
_d
1142298